Manual de Preparación Historia y Ciencias Sociales
Furkejuvvon:
| Váldodahkkit: | , , , , , |
|---|---|
| Eará dahkkit: | |
| Materiálatiipa: | Girji |
| Giella: | espánnjágiella |
| Almmustuhtton: |
Santiago
Ediciones Universidad Católica de Chile
2004
|
| Preanttus: | 4a. ed |
| Ráidu: | Prueba de selección universitaria
|
| Fáttát: | |
| Fáddágilkorat: |
Lasit fáddágilkoriid
Eai fáddágilkorat, Lasit vuosttaš fáddágilkora!
|
MARC
| LEADER | 00000nam a2200000 a 4500 | ||
|---|---|---|---|
| 001 | UCH6568 | ||
| 003 | CL-VaPUC | ||
| 008 | 091109e20040000CL |||||||||||||||||spa|d | ||
| 020 | |a 9561407116 | ||
| 082 | 0 | 4 | |a 371.264 |b VIA |2 21 |
| 100 | 0 | |a Vial, Samuel |e author |9 543142 | |
| 700 | 0 | |a Balmaceda, Catalina |e author |9 543143 | |
| 700 | 0 | |a Leiva, Ricardo |e author |9 543144 | |
| 700 | |a Lavaud O., Gonzalo |e author |9 543234 | ||
| 700 | |a Muñoz Delaunoy, Ignacio |e autor |9 571281 | ||
| 700 | 0 | |a Ortega Meza, René |e author |9 543147 | |
| 700 | 0 | |a San Francisco, Alejandro |e author |9 543148 | |
| 245 | 1 | 0 | |a Manual de Preparación Historia y Ciencias Sociales |
| 250 | |a 4a. ed | ||
| 300 | |a 413 p | ||
| 942 | |c BK | ||
| 945 | |d 20091109 00:00:00 |a lazolas | ||
| 260 | |a Santiago |b Ediciones Universidad Católica de Chile |c 2004 | ||
| 650 | 0 | |a Educación |9 258661 | |
| 650 | 0 | |a Educación superior |9 223851 | |
| 650 | 0 | |a Evaluación de la educación |9 237505 | |
| 650 | 0 | |a Historia universal |9 266877 | |
| 650 | 0 | |a Antigüedad |9 335267 | |
| 650 | 0 | |a Geografía de Chile |9 268295 | |
| 650 | 0 | |a Historia de Chile |9 265473 | |
| 650 | 7 | |a ECONOMIA CHILENA |2 CL-VaPUC |9 410148 | |
| 583 | |a last modification |c 20091109 00:00:00 |k Rodrigo Vera | ||
| 490 | 0 | |a Prueba de selección universitaria | |
| 999 | |c 337437 |d 337435 | ||